| 000 | 00534nam a2200181Ia 4500 | ||
|---|---|---|---|
| 008 | 151018s9999 xx 000 0 und d | ||
| 082 |
_bRBASDV44474 _a891.432 |
||
| 100 | _aनीलाभ | ||
| 245 | _aआजादी का तीर्थ | ||
| 250 | _b1 | ||
| 260 |
_bप्वाइंट प्रकाशन _c2007 |
||
| 300 | _a55 | ||
| 600 | _aनीलाभ | ||
| 630 | _aआजादी का तीर्थ | ||
| 700 | _aनीलाभ | ||
| 730 | _aआजादी का तीर्थ | ||
| 942 | _cBOOK | ||
| 999 |
_c1043671 _d1043668 |
||